LEADER 01059nam a2200265 i 4500 001 000000155913 003 CaOOAMICUS 005 20061123000000.0 008 061123s1968 it u000 u ita u 013 $a133267 040 $aSeMil$bita 100 1 $aWhitman, Walt <1819-1892>.$0(OLS)http://semarc/name/31295 245 10$aGiorni rappresentativi :$be altre prose /$cWalt Whitman ; a cura di Mariolina Meliaḍ Freeth. 260 $aVicenza :$bNeri Pozza,$c1968. 300 $aLXXXVI, 723 p. ;$c19 cm. 490 0 $aTradizione americana ;$v14 500 $aFondo Ciprandi. 700 1 $aMeliaḍ Freeth, Mariolina.$0(OLS)http://semarc/name/60967 830 0$aTradizione americana ;$v14.$0(OLS)http://semarc/title/20201 850 $aSeMil 852 $aSeMil$W1$xVenegono$y1$m1U I 14$j107739$B107739$CSeMilBibl$Z2$F117362 $81 941 1 $a1 961 $aOmaggio: Ciprandi dott. Paolo 996 $6245$aGiorni rappresentativi :$be altre prose$9(OLS)http://semarc/title/228441 996 $6260$aVicenza :$bNeri Pozza$9(OLS)http://semarc/publisher/32468 LEADER 00977nam a2200229 4500 001 000000359593 003 CaOOAMICUS 005 20240829144459.0 008 240829s1986 it 000 u ita r 040 $aSeMil$bita 110 0 $aCentro Regionale Vocazioni .$0(OLS)http://semarc/name/25240 245 10$aVisti da vicino :$bgiovani e vocazione religiosa /$cCentro regionale vocazioni, Lombardia. 264 1$a[S.l. :$bs.n.],$c[1986] 300 $a131 p. ;$c21 cm 650 4$aGiovani - Vocazione.$0(OLS)http://semarc/subject/27326 650 4$aVocazioni - Lombardia - Statistiche.$0(OLS)http://semarc/subject/29525 850 $aSeMil 852 $aSeMil$W1$xVenegono$y1$m3F II 1207$j250545$B250654$CSeMilBibl$Z2$F250654 $81 961 $aCitrini don Tullio - Omaggio 996 $6245$aVisti da vicino :$bgiovani e vocazione religiosa$9(OLS)http://semarc/title/450017 996 $6264$a[S.l. :$bs.n.]$9(OLS)http://semarc/publisher/29751